000 00360nam a2200133Ia 4500
008 151001s9999||||xx |||||||||||||| ||und||
100 _aM. S. Gill
245 _aGreat woman of the world
250 _a1
260 _bAapga publication
260 _c1997
300 _a208
365 _b21
999 _c976434
_d976431